Devinez la Capitale Mystère #67 - Statistiques

Statistiques générales
  • Ce quiz a été pris 184 fois
  • Le résultat moyen est 25 sur 33
Statistiques - réponses
Type de Réponse Réponse % Correct
Lettre Trouvée R
99%
Lettre Trouvée A
98%
Lettre de l'Alphabet I
98%
Lettre Trouvée S
96%
Lettre Trouvée E
94%
Lettre de l'Alphabet L
94%
Lettre de l'Alphabet B
93%
Lettre de l'Alphabet N
93%
Lettre Trouvée O
93%
Lettre de l'Alphabet P
92%
Lettre de l'Alphabet M
91%
Lettre de l'Alphabet D
88%
Lettre Bien Placée O
83%
Lettre de l'Alphabet T
82%
Lettre de l'Alphabet G
81%
Lettre Trouvée U
79%
Lettre de l'Alphabet K
78%
Lettre Bien Placée S
72%
Lettre de l'Alphabet C
71%
Lettre de l'Alphabet H
71%
Lettre Bien Placée E
69%
Lettre de l'Alphabet W
67%
Lettre Bien Placée R
65%
Lettre de l'Alphabet V
65%
Lettre de l'Alphabet Y
62%
Lettre Bien Placée A
61%
Lettre de l'Alphabet J
60%
Lettre de l'Alphabet X
60%
Lettre Bien Placée U
54%
Lettre de l'Alphabet F
50%
Lettre de l'Alphabet Q
50%
Lettre de l'Alphabet Z
50%
Capitale Mystère Roseau
46%
Aucun quiz correspondant
Distribution des résultats
% des personnes avec chaque résultat
Percentile par nombre de réponses
Votre historique - résultats
Vous n’avez pas pris ce quiz